1382 1705 1356 1736 1576 1910 1888 1500 1597 1738 1308 1571 1691 1040 1446 1286 1903 1920 1881 1999 1000 1662 1988 1234 1930 1989 1761 1601 1457 1474 1457 1731 1752 1619 1305 1088 1526 1195 1912 1097 1401 1079 1645 1613 1321 1005 1847 1138 1386 1230 1376 1999 1069 1416 1623 1823 1599 1185 1583 1346 1884 1683 1086 1329 1580 1165 1880 1859 1356 1930 1788 1002 1655 1631 1986 1141 1327 1600 1646 1888 1489 1181 1215 1316 1314 1551 1999 1488 1741 1891 1095 1595 1857 1837 1123 1728 1776 1982 1950 BCNSPRNW ULIB Ver.6.0+V

เปลี่ยนเป็นภาษาไทย

Change to English
 แสดงรายละเอียดบรรณานุกรม
  กลับหน้าหลัก

Brief Record : Get Marc (ISO 2709) : E-mail record : QR code < ปิดหน้าต่าง
LEADER : 00000nam 2200000uu 4500
001    13399120477
003     ULIB
008    120920s2548||||th 000 0 tha d
020    ^a9749930983
060 04 ^aWB320^bว896ก 2548
245 00 ^aเวชศาสตร์ฟื้นฟูสำหรับเวชปฏิบัติทั่วไป /^cกิ่งแก้ว ปาจรีย์,บรรณาธิการ
250    ^aพิมพ์ครั้งที่ 1
260    ^aกรุงเทพฯ :^bงานตำราวารสารและสิ่งพิมพ์สถานเทคโนโลยการศึกษาแพทยศาสตร์ คณะแพทยศาสตร์ศิริราชพยาบาล มหาวิทยาลัยมหิดล,^c2548
300    ^a309 หน้า :^bภาพประกอบ ;^c26 ซม.
440  0 ^aงานตำราวารสารและสิ่งพิมพ์ ;^vรายการที่ 22 (2-2548)
650  7 ^aการฟื้นฟูสมรรถภาพ
653    ^aผลงานอาจารย์คณะแพทยศาสตร์ศิริราชพยาบาล
700 0  ^aกิ่งแก้ว ปาจรีย์,^eบรรณาธิการ
710 2  ^aมหาวิทยาลัยมหิดล. ^bคณะแพทยศาสตร์ศิริราชพยาบาล.^bสถานเทคโนโลยีการศึกษาแพทยศาสตร์. ^bงานตำราวารสารและสิ่งพิมพ์
945    ^p0^l0^i24632
945    ^p0^l0^i24018
995    ^aกัณชพร
999 ^a ใช้งานได้ทุกระบบ
รายการนี้ยังไม่มีแท็ก
คุณยังไม่ได้ล็อกอิน คุณสามารถมีกิจกรรมร่วมกับเว็บไซต์ได้ แต่ต้องล็อกอินก่อน ::
  ล็อกอิน

รายการสื่อสารสนเทศ

ลำดับที่ ประเภท เลขเรียก/บาร์โค้ด สถานที่ สถานะ
1. วิทยาศาสตร์การแพทย์ และสุขภาพ
วิทยาศาสตร์การแพทย์ และสุขภาพ
WB320 ว896ก 2548  
  Barcode: 24632
ห้องสมุดวิทยาเขตสวรรค์ประชารักษ์
►ส่วนจัดเก็บหนังสือเก่า สปร
บนชั้น
  ขอยืม
2. วิทยาศาสตร์การแพทย์ และสุขภาพ
วิทยาศาสตร์การแพทย์ และสุขภาพ
WB320 ว896ก 2548 ฉ.2 
  Barcode: 24018
ห้องสมุดวิทยาเขตสวรรค์ประชารักษ์
►หนังสือทั่วไป
ถูกยืม กำหนดส่งวันที่ 11 พฤษภาคม 2558
  จอง

รายการใกล้เคียง
    หัวเรื่อง [การฟื้นฟูสมรรถภาพ]

BibComment


ยังไม่เคยถูกคอมเมนท์

คอมเมนท์ทรัพยากรรายการนี้
  คอมเมนท์: เวชศาสตร์ฟื้นฟูส..


 Copyright 2026. Bcnsprnw @Library